| 000 | 01162naa a22003497a 4500 | ||
|---|---|---|---|
| 001 | BR8105426 | ||
| 003 | BR-BrBNA | ||
| 005 | 20240918174847.0 | ||
| 007 | ta | ||
| 008 | 230509b bl.||||| |||| 00| 0 por d | ||
| 040 |
_aBR-BrBNA _bpor _cBiblioteca Nacional de Agricultura |
||
| 041 | _a(Pt) | ||
| 072 |
_aF00 _b0170 _bG514 _bGZ36 |
||
| 090 | _aF00 BR8105426 | ||
| 100 | 1 | _aLira, M. de A. | |
| 100 | 1 | _aAraujo, M.R.A. de | |
| 100 | 1 | _aReis, O.V. dos | |
| 100 | 1 | _aSantos, J.P.O. | |
| 245 | 1 | _aCompeticao de linhas de sorgo granifero na regiao do Vale do Ipojuca [Sorghum bicolor, Pernambuco, Brasil] | |
| 260 | 3 |
_aRecife, PE (Brasil): _c1981. |
|
| 500 | _aAtuacao do IPA no ambito do POLONORDESTE Recife, PE (Brasil): 1981. v. 3 p. 784-797 (BR8105426-AM)F00 | ||
| 650 | _aSORGO GRANIFERO | ||
| 650 | _aVARIEDADE | ||
| 650 | _aGENETICA | ||
| 650 | _aCOMPETICAO DE VARIEDADE | ||
| 650 | _aPRODUTIVIDADE | ||
| 650 | _aVALE DO IPOJUCA | ||
| 650 | _aPERNAMBUCO | ||
| 773 | 0 |
_tAtuacao do IPA no ambito do POLONORDESTE _wF00 BR8105426 _gRecife, PE (Brasil), 1981. v. 3 p. 784-797 |
|
| 909 |
_a202404 _bLucia _c55 _dLucia Elande |
||
| 942 |
_cAM _2AGRIS |
||
| 999 |
_c314056 _d314056 |
||